[Event "Barnaul Altay-ch"]
[Site "Barnaul"]
[Date "2014.10.15"]
[Round "5"]
[White "Khabarov, Sergey"]
[Black "Nikonov, Yury"]
[Result "1-0"]
[WhiteElo "2314"]
[BlackElo "2078"]
[PlyCount "103"]
[EventDate "2014.10.11"]
[EventType "swiss"]
[EventRounds "9"]
[EventCountry "RUS"]
[SourceTitle "EXT 2015"]
[Source "ChessBase"]
[SourceDate "2014.11.20"]
[SourceVersion "1"]
[SourceVersionDate "2014.11.20"]
[SourceQuality "1"]

1. e4 d5 2. exd5 Qxd5 3. Nc3 Qd8 4. d4 Nf6 5. Nf3 Bg4 6. h3 Bxf3 7. Qxf3 c6 8. Be3 e6 9. 0-0-0 Nbd7 10. Kb1 Qc7 11. g4 Nb6 12. Bf4 Bd6 13. Bxd6 Qxd6 14. g5 Nfd7 15. Ne4 Qe7 16. Rg1 f5 17. gxf6 Nxf6 18. Rxg7 Qxg7 19. Nxf6+ Ke7 20. Ne4 Rhf8 21. Qa3+ Kf7 22. Rd3 Qh6 23. Rg3 Ke8 24. Nd6+ Kd7 25. Nxb7 e5 26. Nc5+ Ke8 27. dxe5 Rd8 28. Bd3 Nc4 29. Qxa7 Nd2+ 30. Ka1 Nf1 31. a4 Nxg3 32. fxg3 Qxh3 33. Bxh7 Qf1+ 34. Ka2 Qf7+ 35. Qxf7+ Kxf7 36. Bf5 Ke7 37. g4 Rd5 38. Nd3 Rd4 39. b3 Rdd8 40. Kb2 Rh8 41. Kc3 Rh2 42. Nb4 Ra8 43. Nxc6+ Ke8 44. e6 Rh6 45. g5 Rc8 46. gxh6 Rxc6+ 47. Kd4 Ke7 48. h7 Rc8 49. Ke5 Rc5+ 50. Kf4 Rc8 51. Kg5 Rf8 52. a5 1-0

[Event "Barnaul Altay-ch"]
[Site "Barnaul"]
[Date "2014.10.11"]
[Round "1"]
[White "Khabarov, Sergey"]
[Black "Migushov, Igor"]
[Result "1-0"]
[WhiteElo "2314"]
[BlackElo "2049"]
[PlyCount "35"]
[EventDate "2014.10.11"]
[EventType "swiss"]
[EventRounds "9"]
[EventCountry "RUS"]
[SourceTitle "EXT 2015"]
[Source "ChessBase"]
[SourceDate "2014.11.20"]
[SourceVersion "1"]
[SourceVersionDate "2014.11.20"]
[SourceQuality "1"]

1. e4 c5 2. Nf3 Nc6 3. d4 cxd4 4. Nxd4 Nf6 5. Nc3 d6 6. Bg5 e5 7. Bxf6 gxf6 8. Nf5 Bxf5 9. exf5 Nd4 10. Bc4 Rc8 11. Bb3 Qd7 12. 0-0 a6 13. f4 Nxf5 14. Nd5 Be7 15. Nb6 Qd8 16. Nxc8 Qxc8 17. fxe5 dxe5 18. Bxf7+ 1-0

[Event "Barnaul Lepikhin Memorial"]
[Site "Barnaul"]
[Date "2014.07.22"]
[Round "2"]
[White "Kazantsev, Alexander"]
[Black "Khabarov, Sergey"]
[Result "0-1"]
[WhiteElo "2088"]
[BlackElo "2344"]
[PlyCount "108"]
[EventDate "2014.07.21"]
[EventType "swiss"]
[EventRounds "9"]
[EventCountry "RUS"]
[SourceTitle "CBM 161 Extra"]
[Source "ChessBase"]
[SourceDate "2014.08.29"]
[SourceVersion "1"]
[SourceVersionDate "2014.08.29"]
[SourceQuality "1"]

1. c4 Nf6 2. Nc3 e6 3. e4 c5 4. e5 Ng8 5. d4 cxd4 6. Qxd4 Nc6 7. Qe4 d6 8. Nf3 dxe5 9. Nxe5 Nf6 10. Nxc6 Qb6 11. Qc2 Qxc6 12. Bg5 Be7 13. 0-0-0 h6 14. Bf4 b6 15. Nb5 0-0 16. Be2 Bb7 17. Bf3 Qc8 18. Nc7 Rb8 19. Nb5 Bxf3 20. gxf3 Rb7 21. Rhg1 Kh8 22. Qc3 Rd7 23. Nd6 Bxd6 24. Rxd6 Rxd6 25. Bxd6 Rg8 26. Bf4 Qc5 27. Bxh6 Qf5 28. Bg5 Nh7 29. Bd2 f6 30. Rg4 e5 31. b3 Rd8 32. Re4 Nf8 33. Qe3 Ne6 34. Rh4+ Kg8 35. Qe4 Nd4 36. Qxf5 Nxf5 37. Re4 g5 38. Be3 Rc8 39. Kd2 Kf7 40. b4 Nd6 41. c5 Nxe4+ 42. fxe4 bxc5 43. Bxc5 a5 44. a3 axb4 45. axb4 Ke6 46. Kc3 Rh8 47. b5 Rxh2 48. Kc4 Kd7 49. Kd5 Rh1 50. Be3 Rd1+ 51. Kc5 Kc7 52. Kc4 g4 53. Bc5 Rc1+ 54. Kb4 Re1 0-1

[Event "Novokuznetsk Siberia-ch"]
[Site "Novokuznetsk"]
[Date "2013.03.24"]
[Round "4"]
[White "Kravshenko, Konstantin"]
[Black "Khabarov, Sergey"]
[Result "0-1"]
[WhiteElo "2133"]
[BlackElo "2316"]
[PlyCount "66"]
[EventDate "2013.03.21"]
[EventType "swiss"]
[EventRounds "9"]
[EventCountry "RUS"]
[SourceTitle "CBM 153 Extra"]
[Source "ChessBase"]
[SourceDate "2013.04.22"]
[SourceVersion "1"]
[SourceVersionDate "2013.04.22"]
[SourceQuality "1"]

1. e4 c5 2. Nf3 Nc6 3. d4 cxd4 4. Nxd4 e5 5. Nb5 d6 6. N1c3 a6 7. Na3 b5 8. Nd5 Nf6 9. Bg5 Be7 10. Bxf6 Bxf6 11. c3 0-0 12. Nc2 Bg5 13. h4 Bh6 14. g4 Bf4 15. Nce3 Be6 16. Be2 Bxe3 17. Nxe3 b4 18. Qd2 bxc3 19. bxc3 Qa5 20. 0-0 Nd4 21. Rfc1 Rfc8 22. Bd1 Rc5 23. Qd3 Rac8 24. Rab1 g6 25. h5 Nb5 26. Bb3 Bxb3 27. Rxb3 Nxc3 28. Rcxc3 Rxc3 29. Qxd6 Rc1+ 30. Kg2 Qe1 31. Kg3 Qh1 32. Ng2 Rg1 33. Qxe5 Qxg2+ 0-1

[Event "Novokuznetsk Siberia-ch"]
[Site "Novokuznetsk"]
[Date "2013.03.23"]
[Round "3"]
[White "Khabarov, Sergey"]
[Black "Shomoev, Anton"]
[Result "0-1"]
[WhiteElo "2316"]
[BlackElo "2543"]
[PlyCount "110"]
[EventDate "2013.03.21"]
[EventType "swiss"]
[EventRounds "9"]
[EventCountry "RUS"]
[SourceTitle "CBM 153 Extra"]
[Source "ChessBase"]
[SourceDate "2013.04.22"]
[SourceVersion "1"]
[SourceVersionDate "2013.04.22"]
[SourceQuality "1"]

1. d4 g6 2. e4 Bg7 3. Nc3 d6 4. Nf3 Nf6 5. Be2 0-0 6. 0-0 a6 7. a4 b6 8. Re1 Bb7 9. Bf1 e6 10. Bf4 h6 11. h3 Nbd7 12. Qd2 g5 13. Bh2 Qe7 14. e5 dxe5 15. Nxe5 Rfd8 16. Qe3 Nxe5 17. dxe5 Nd5 18. Nxd5 Rxd5 19. Bc4 Rd7 20. Qe2 Rad8 21. Red1 Qb4 22. Rxd7 Rxd7 23. c3 Qc5 24. Bg3 a5 25. Bb3 Kf8 26. Rd1 Rxd1+ 27. Bxd1 Qd5 28. f3 Bc6 29. Bc2 Qa2 30. b3 Qa1+ 31. Be1 Qc1 32. Kh2 h5 33. h4 Ke8 34. Bg3 gxh4 35. Bxh4 Kd7 36. Bg3 Kc8 37. c4 Qh6 38. Be4 h4 39. Bxc6 hxg3+ 40. Kxg3 Qg5+ 41. Kf2 Bxe5 42. Qd3 Bd6 43. Kf1 Qc5 44. Be8 Bg3 45. Qd2 Qh5 46. Ke2 Qh1 47. Qd7+ Kb7 48. Qc6+ Kb8 49. Bxf7 Qxg2+ 50. Kd3 Qf1+ 51. Ke3 Qe1+ 52. Kd3 Qd1+ 53. Ke3 Qxb3+ 54. Ke2 Qc2+ 55. Ke3 Bf2+ 0-1

[Event "Sibiria Region-ch"]
[Site "Prokopevsk"]
[Date "2012.03.18"]
[Round "7"]
[White "Khabarov, Sergey"]
[Black "Kuvachev, Andrey Sergeevich"]
[Result "1-0"]
[WhiteElo "2313"]
[BlackElo "2261"]
[PlyCount "77"]
[EventDate "2012.03.12"]
[EventType "swiss"]
[EventRounds "9"]
[EventCountry "RUS"]
[SourceTitle "EXT 2013"]
[Source "ChessBase"]
[SourceDate "2012.11.22"]
[SourceVersion "1"]
[SourceVersionDate "2012.11.22"]
[SourceQuality "1"]

1. c4 c5 2. Nf3 e6 3. Nc3 d5 4. cxd5 exd5 5. d4 Nc6 6. g3 Nf6 7. Bg2 Be7 8. 0-0 0-0 9. Bg5 c4 10. Ne5 Be6 11. Nxc6 bxc6 12. b3 Qa5 13. Qd2 Bb4 14. Bxf6 gxf6 15. Rfc1 Rfc8 16. bxc4 dxc4 17. Qc2 Rab8 18. e3 Bf5 19. Ne4 Bxe4 20. Bxe4 Ba3 21. Rcb1 c3 22. Bxh7+ Kg7 23. Bf5 Rd8 24. Rb3 Bb2 25. Rd1 Rb6 26. Be4 Ra6 27. Qe2 Qxa2 28. Qg4+ Kf8 29. Rb7 Rb6 30. Rc7 Qe6 31. Qh5 Rd7 32. Qh8+ Ke7 33. Rc8 Kd6 34. d5 cxd5 35. Bxd5 c2 36. Rxc2 Ke7 37. Bxe6 Rxd1+ 38. Kg2 Kxe6 39. Qe8+ 1-0

[Event "Sibiria Region-ch"]
[Site "Prokopevsk"]
[Date "2012.03.17"]
[Round "6"]
[White "Maleev, Pavel"]
[Black "Khabarov, Sergey"]
[Result "0-1"]
[WhiteElo "2216"]
[BlackElo "2313"]
[PlyCount "60"]
[EventDate "2012.03.12"]
[EventType "swiss"]
[EventRounds "9"]
[EventCountry "RUS"]
[SourceTitle "EXT 2013"]
[Source "ChessBase"]
[SourceDate "2012.11.22"]
[SourceVersion "1"]
[SourceVersionDate "2012.11.22"]
[SourceQuality "1"]

1. d4 Nf6 2. Nf3 e6 3. Bg5 c5 4. c3 Qb6 5. Qb3 Nc6 6. e3 d5 7. Nbd2 Bd7 8. Be2 Bd6 9. 0-0 0-0 10. Bxf6 gxf6 11. dxc5 Bxc5 12. e4 Ne7 13. Qc2 Rac8 14. Rad1 Rfd8 15. e5 Ng6 16. exf6 e5 17. Nb3 Qxf6 18. Nxc5 Rxc5 19. b4 Bf5 20. Qb3 Rcc8 21. Rxd5 Rxd5 22. Qxd5 Nf4 23. Qd2 Bh3 24. g3 Nxe2+ 25. Qxe2 Bg4 26. Qxe5 Qxf3 27. Qg5+ Kh8 28. Qh4 Be6 29. Qd4+ Kg8 30. Rd1 Bh3 0-1

[Event "Moscow op-A"]
[Site "Moscow"]
[Date "2012.02.01"]
[Round "5"]
[White "Cori, Jorge Moise"]
[Black "Khabarov, Sergey"]
[Result "1-0"]
[WhiteElo "2496"]
[BlackElo "2348"]
[PlyCount "65"]
[EventDate "2012.01.28"]
[EventType "swiss"]
[EventRounds "9"]
[EventCountry "RUS"]
[SourceTitle "CBM 146 Extra"]
[Source "ChessBase"]
[SourceDate "2012.02.29"]
[SourceVersion "1"]
[SourceVersionDate "2012.02.29"]
[SourceQuality "1"]
[WhiteTeam "Peru"]
[WhiteTeamCountry "PER"]

1. d4 Nf6 2. c4 e6 3. g3 d5 4. Nf3 dxc4 5. Bg2 Bb4+ 6. Bd2 a5 7. Qc2 Bxd2+ 8. Qxd2 c6 9. Ne5 b5 10. a4 Ra6 11. Na3 Bd7 12. 0-0 0-0 13. f4 Nd5 14. f5 f6 15. Nxd7 Qxd7 16. fxe6 Qxe6 17. e4 Nc7 18. d5 Qd6 19. Qf2 Qb4 20. Rfd1 cxd5 21. exd5 Nd7 22. Nc2 Qd6 23. Nd4 bxa4 24. Nf5 Qb4 25. d6 Nb5 26. Ne7+ Kh8 27. Nc6 Qb3 28. Qf5 Ne5 29. Nxe5 g6 30. Qf4 Nxd6 31. Nd7 g5 32. Qf2 Rf7 33. Nc5 1-0

[Event "Rethymno op 3rd"]
[Site "Rethymno"]
[Date "2011.07.17"]
[Round "8"]
[White "Khabarov, Sergey"]
[Black "Pap, Misa"]
[Result "0-1"]
[WhiteElo "2305"]
[BlackElo "2507"]
[PlyCount "104"]
[EventDate "2011.07.11"]
[EventType "swiss"]
[EventRounds "9"]
[EventCountry "GRE"]
[SourceTitle "CBM 143 Extra"]
[Source "ChessBase"]
[SourceDate "2011.08.29"]
[SourceVersion "1"]
[SourceVersionDate "2011.08.29"]
[SourceQuality "1"]

1. d4 Nf6 2. Nf3 e6 3. e3 c5 4. Bd3 cxd4 5. exd4 Be7 6. c4 d6 7. Nc3 0-0 8. 0-0 Re8 9. Re1 Nbd7 10. h3 Nf8 11. Bf4 Ng6 12. Bh2 b6 13. Qd2 Bb7 14. d5 e5 15. a4 Nd7 16. b4 a5 17. bxa5 bxa5 18. Reb1 Ba6 19. Nb5 Nc5 20. Bf1 f5 21. Ra2 Bf6 22. Kh1 Nf8 23. Qc2 Bc8 24. Nd2 Ra6 25. f3 Bg5 26. Nb3 Nfd7 27. f4 Nxb3 28. fxg5 Nbc5 29. Qxf5 Rf8 30. Qc2 Nb6 31. Re1 Bf5 32. Qd1 Nbd7 33. h4 Rf7 34. g3 Be4+ 35. Bg2 Bd3 36. Qc1 Nb6 37. Bg1 Nbxa4 38. Rxa4 Nxa4 39. Qa3 Bxc4 40. Qxa4 Bd3 41. Rc1 Ra8 42. Bh3 Rb7 43. Nc3 Qf8 44. Qd1 Bf5 45. Bg2 Rb4 46. Ra1 Qc8 47. Ra3 Rb2 48. Qf1 Rab8 49. Ne4 Rxg2 50. Qxg2 Bxe4 51. Qxe4 Qh3+ 52. Bh2 Rb2 0-1

[Event "Rethymno op 3rd"]
[Site "Rethymno"]
[Date "2011.07.16"]
[Round "7"]
[White "Tzouganakis, Panteleimon"]
[Black "Khabarov, Sergey"]
[Result "0-1"]
[WhiteElo "2086"]
[BlackElo "2305"]
[PlyCount "78"]
[EventDate "2011.07.11"]
[EventType "swiss"]
[EventRounds "9"]
[EventCountry "GRE"]
[SourceTitle "CBM 143 Extra"]
[Source "ChessBase"]
[SourceDate "2011.08.29"]
[SourceVersion "1"]
[SourceVersionDate "2011.08.29"]
[SourceQuality "1"]

1. e4 c6 2. d4 d5 3. e5 Bf5 4. Nf3 e6 5. Be2 c5 6. Be3 Qb6 7. Nc3 Qxb2 8. Nb5 Na6 9. dxc5 Bxc5 10. Bxc5 Nxc5 11. Nc7+ Kd7 12. Nxa8 Qc3+ 13. Kf1 Ne7 14. Qd4 Qxd4 15. Nxd4 Rxa8 16. Nxf5 Nxf5 17. c4 d4 18. Rd1 Kc7 19. g4 Ne7 20. Rxd4 Nc6 21. Rd2 Nxe5 22. f4 Ng6 23. f5 Nf4 24. Bf3 Re8 25. fxe6 Rxe6 26. Rd4 Nfd3 27. Rg1 Ra6 28. Rg2 Rf6 29. Rg3 Ne5 30. Kg2 Ne6 31. Rd2 Nxc4 32. Rc2 b5 33. a4 Kb6 34. Be4 Nf4+ 35. Kg1 Re6 36. Bf5 Ne2+ 37. Kf2 Nxg3 38. Bxe6 Ne4+ 39. Kf3 Ng5+ 0-1

[Event "Rethymno op 3rd"]
[Site "Rethymno"]
[Date "2011.07.14"]
[Round "5"]
[White "Ignatiadis, Konstantinos"]
[Black "Khabarov, Sergey"]
[Result "0-1"]
[WhiteElo "2133"]
[BlackElo "2305"]
[PlyCount "74"]
[EventDate "2011.07.11"]
[EventType "swiss"]
[EventRounds "9"]
[EventCountry "GRE"]
[SourceTitle "CBM 143 Extra"]
[Source "ChessBase"]
[SourceDate "2011.08.29"]
[SourceVersion "1"]
[SourceVersionDate "2011.08.29"]
[SourceQuality "1"]

1. Nf3 Nf6 2. c4 b6 3. g3 Bb7 4. Bg2 c5 5. 0-0 e6 6. d4 cxd4 7. Nxd4 Bxg2 8. Kxg2 d6 9. Nc3 Nbd7 10. Ndb5 Qb8 11. Bf4 e5 12. Bg5 a6 13. Na3 Qb7+ 14. Kg1 Be7 15. Bxf6 Nxf6 16. Nd5 Nxd5 17. Qxd5 Qxd5 18. cxd5 Kd7 19. Rac1 Rhc8 20. Nc4 Bd8 21. Nd2 b5 22. Nb3 Bb6 23. e3 e4 24. g4 g6 25. Kg2 Bd8 26. Rxc8 Rxc8 27. Rc1 Bf6 28. Rxc8 Kxc8 29. Nd4 Kd7 30. b3 Bxd4 31. exd4 g5 32. b4 Ke7 33. Kg3 Kf6 34. h4 gxh4+ 35. Kxh4 Kg6 36. g5 h6 37. gxh6 Kxh6 0-1

[Event "Izmailov Memorial op 15th"]
[Site "Tomsk"]
[Date "2011.06.07"]
[Round "7"]
[White "Garmaev, Zhargal"]
[Black "Khabarov, Sergey"]
[Result "0-1"]
[WhiteElo "2041"]
[BlackElo "2310"]
[PlyCount "45"]
[EventDate "2011.06.01"]
[EventType "swiss"]
[EventRounds "9"]
[EventCountry "RUS"]
[SourceTitle "EXT 2013"]
[Source "ChessBase"]
[SourceDate "2012.11.22"]
[SourceVersion "1"]
[SourceVersionDate "2012.11.22"]
[SourceQuality "1"]

1. e4 c5 2. Nf3 Nc6 3. Nc3 g6 4. Be2 Bg7 5. 0-0 Nf6 6. d3 d5 7. exd5 Nxd5 8. Ne4 b6 9. c3 0-0 10. Ne1 Bb7 11. f4 f5 12. Nf2 Qd6 13. Nh3 e5 14. c4 Nxf4 15. Nxf4 exf4 16. Rxf4 Bxb2 17. Rb1 Bxc1 18. Qxc1 Nd4 19. Bf1 Rae8 20. Rh4 f4 21. Qd1 Nf5 22. Qg4 Qd4+ 23. Kh1 0-1

[Event "Izmailov Memorial op 15th"]
[Site "Tomsk"]
[Date "2011.06.03"]
[Round "3"]
[White "Kovalev, Vitaly"]
[Black "Khabarov, Sergey"]
[Result "0-1"]
[WhiteElo "2060"]
[BlackElo "2310"]
[PlyCount "96"]
[EventDate "2011.06.01"]
[EventType "swiss"]
[EventRounds "9"]
[EventCountry "RUS"]
[SourceTitle "EXT 2013"]
[Source "ChessBase"]
[SourceDate "2012.11.22"]
[SourceVersion "1"]
[SourceVersionDate "2012.11.22"]
[SourceQuality "1"]

1. c4 e5 2. Nc3 Nc6 3. Nf3 g6 4. g3 Bg7 5. Bg2 d6 6. 0-0 Be6 7. b3 Nh6 8. e3 Nf5 9. Bb2 0-0 10. Ne2 e4 11. Nfd4 Ncxd4 12. exd4 d5 13. cxd5 Bxd5 14. d3 exd3 15. Qxd3 Bxg2 16. Kxg2 Re8 17. Rfd1 Qd5+ 18. Qf3 Rad8 19. Qxd5 Rxd5 20. Nf4 Rd6 21. Rac1 Red8 22. Ne2 R6d7 23. Rc5 Ne7 24. Bc1 c6 25. Bg5 Kf8 26. b4 f6 27. Be3 Kf7 28. b5 cxb5 29. Rxb5 Nd5 30. Rc1 Re8 31. Kf3 Bf8 32. Nc3 Nxe3 33. fxe3 Rxe3+ 34. Kxe3 Bh6+ 35. Kd3 Bxc1 36. a4 Bh6 37. Ne4 b6 38. a5 f5 39. Nc3 Bg7 40. Ne2 bxa5 41. Rxa5 Bf6 42. Ra4 Bd8 43. Ng1 Bb6 44. Nf3 Ke6 45. Ra2 Kf6 46. Rd2 g5 47. Kc4 g4 48. Ne5 Rd6 0-1

[Event "Sibiria Region-ch"]
[Site "Barnaul"]
[Date "2011.05.23"]
[Round "4"]
[White "Khabarov, Sergey"]
[Black "Shoiyzhininaev, Bato"]
[Result "1-0"]
[WhiteElo "2310"]
[BlackElo "2063"]
[PlyCount "85"]
[EventDate "2011.05.20"]
[EventType "swiss"]
[EventRounds "9"]
[EventCountry "RUS"]
[SourceTitle "EXT 2012"]
[Source "ChessBase"]
[SourceDate "2011.11.24"]
[SourceVersion "1"]
[SourceVersionDate "2011.11.24"]
[SourceQuality "1"]

1. e4 Nf6 2. e5 Nd5 3. d4 d6 4. Nf3 Bg4 5. Be2 e6 6. 0-0 Nc6 7. c4 Nb6 8. exd6 cxd6 9. b3 d5 10. c5 Nc8 11. Nc3 Be7 12. b4 Bf6 13. b5 Na5 14. Bf4 Bxf3 15. Bxf3 0-0 16. Rc1 Ne7 17. g4 Ng6 18. Bd6 Re8 19. Be2 Rc8 20. f4 b6 21. f5 Nh4 22. fxe6 fxe6 23. Na4 Bg5 24. Rc3 Ng6 25. Bd3 Nb7 26. Bxg6 hxg6 27. Be5 Rf8 28. Rcf3 Rxf3 29. Qxf3 Qe7 30. cxb6 axb6 31. Nxb6 Rc1 32. Rxc1 Bxc1 33. Qc3 Qg5 34. h3 Bd2 35. Qd3 Be3+ 36. Kg2 Nc5 37. Qc2 Ne4 38. Nd7 Bc1 39. b6 Qe3 40. b7 Bd2 41. b8Q+ Kh7 42. Nf8+ Kg8 43. Nxg6+ 1-0

[Event "Sibiria Region-ch"]
[Site "Barnaul"]
[Date "2011.05.20"]
[Round "1"]
[White "Kardashevskiy, Evgeny"]
[Black "Khabarov, Sergey"]
[Result "1-0"]
[WhiteElo "1921"]
[BlackElo "2310"]
[PlyCount "61"]
[EventDate "2011.05.20"]
[EventType "swiss"]
[EventRounds "9"]
[EventCountry "RUS"]
[SourceTitle "EXT 2012"]
[Source "ChessBase"]
[SourceDate "2011.11.24"]
[SourceVersion "1"]
[SourceVersionDate "2011.11.24"]
[SourceQuality "1"]

1. d4 d5 2. c4 dxc4 3. Nf3 Nf6 4. g3 c5 5. Qa4+ Nc6 6. dxc5 e5 7. Bg2 Bxc5 8. 0-0 0-0 9. Qxc4 Qb6 10. Nc3 Be6 11. Qa4 Rfd8 12. Ng5 Rd4 13. Qc2 Bg4 14. Be3 Rc4 15. Bd5 Rxc3 16. Bxf7+ Kf8 17. Qxc3 Nd4 18. Bc4 h6 19. Nf3 Rc8 20. Nxe5 Bxe2 21. Rfe1 Bh5 22. Qd3 Re8 23. Bxd4 Bxd4 24. Qf5 Rxe5 25. Rxe5 Qxb2 26. Rae1 Bxe5 27. Qxe5 Qb4 28. Qe6 b5 29. Bb3 a5 30. Rc1 Be8 31. Rc7 1-0

[Event "Moscow op-E"]
[Site "Moscow"]
[Date "2011.02.05"]
[Round "8.88"]
[White "Khabarov, Sergey"]
[Black "Linker, Mikhail"]
[Result "0-1"]
[WhiteElo "2339"]
[BlackElo "2113"]
[PlyCount "80"]
[EventDate "2011.01.29"]
[EventType "swiss"]
[EventRounds "9"]
[EventCountry "RUS"]
[SourceTitle "EXT 2022"]
[Source "ChessBase"]
[SourceDate "2021.10.06"]
[SourceVersion "1"]
[SourceVersionDate "2021.10.06"]
[SourceQuality "1"]

1. e4 c5 2. Nf3 d6 3. d4 cxd4 4. Nxd4 Nf6 5. Nc3 g6 6. Be3 Bg7 7. f3 0-0 8. Qd2 Nc6 9. 0-0-0 d5 10. Kb1 Nxd4 11. e5 Nf5 12. exf6 Bxf6 13. Nxd5 Qxd5 14. Qxd5 Nxe3 15. Qd2 Nxd1 16. Qxd1 Be6 17. Bd3 Rfd8 18. Qe2 Rd6 19. g4 Rad8 20. f4 a5 21. f5 Bd5 22. Rf1 a4 23. g5 Bxg5 24. Qg4 Bf6 25. Qxa4 Bd4 26. b3 e5 27. fxe6 Bxe6 28. Qb4 b6 29. h4 Bg7 30. Qf4 h5 31. Qg5 Rd5 32. Qg1 b5 33. Re1 Bd4 34. Qf1 Bc3 35. Rxe6 fxe6 36. Qg2 b4 37. Qxg6+ Kf8 38. a4 Rf5 39. Ka2 Rxd3 40. cxd3 Rf1 0-1

[Event "Moscow op-E"]
[Site "Moscow"]
[Date "2011.02.02"]
[Round "5.87"]
[White "Enkhtuul, Altanulzii"]
[Black "Khabarov, Sergey"]
[Result "1/2-1/2"]
[WhiteElo "2119"]
[BlackElo "2339"]
[PlyCount "119"]
[EventDate "2011.01.29"]
[EventType "swiss"]
[EventRounds "9"]
[EventCountry "RUS"]
[SourceTitle "EXT 2022"]
[Source "ChessBase"]
[SourceDate "2021.10.06"]
[SourceVersion "1"]
[SourceVersionDate "2021.10.06"]
[SourceQuality "1"]

1. Nf3 Nf6 2. c4 b6 3. b3 c5 4. Bb2 e6 5. e3 Be7 6. Be2 0-0 7. 0-0 Bb7 8. Nc3 d5 9. cxd5 exd5 10. d4 Nbd7 11. Rc1 Rc8 12. Bd3 Ne4 13. dxc5 Ndxc5 14. Be2 Bf6 15. b4 Nxc3 16. Bxc3 Ne4 17. Bxf6 Qxf6 18. Nd4 a6 19. Bf3 Rxc1 20. Qxc1 Rc8 21. Qb2 Nd6 22. Rc1 Nc4 23. Qb3 g6 24. h3 Kg7 25. Rc2 h5 26. Qa4 Rd8 27. Qb3 Rd7 28. a3 h4 29. Qa2 Qe5 30. Qa1 Kh7 31. Qc1 f5 32. Be2 b5 33. Nb3 Rg7 34. Nc5 g5 35. a4 Bc8 36. axb5 axb5 37. Nd3 Qe4 38. Bf3 Qe6 39. Nc5 Qe5 40. Qd1 g4 41. hxg4 fxg4 42. Bxd5 g3 43. Be4+ Kh6 44. Qd4 Ra7 45. Nd3 Ra1+ 46. Nc1 gxf2+ 47. Kxf2 Qg3+ 48. Ke2 Bg4+ 49. Kd3 Ra3+ 50. Rc3 Rxc3+ 51. Kxc3 Qxe3+ 52. Qxe3+ Nxe3 53. Kd4 Nc4 54. Bc6 Na3 55. Kc3 Be6 56. Ne2 Kg5 57. Nd4 Bf7 58. Nf3+ Kh5 59. Kd4 Bc4 60. Be8+ 1/2-1/2

[Event "Moscow op-E"]
[Site "Moscow"]
[Date "2011.01.29"]
[Round "1.111"]
[White "Klepikov, Nikita"]
[Black "Khabarov, Sergey"]
[Result "0-1"]
[WhiteElo "1948"]
[BlackElo "2339"]
[PlyCount "82"]
[EventDate "2011.01.29"]
[EventType "swiss"]
[EventRounds "9"]
[EventCountry "RUS"]
[SourceTitle "EXT 2022"]
[Source "ChessBase"]
[SourceDate "2021.10.06"]
[SourceVersion "1"]
[SourceVersionDate "2021.10.06"]
[SourceQuality "1"]

1. e4 c5 2. Nf3 d6 3. d4 cxd4 4. Nxd4 Nf6 5. Nc3 g6 6. Be3 Bg7 7. f3 0-0 8. Qd2 Nc6 9. 0-0-0 d5 10. exd5 Nxd5 11. Nxc6 bxc6 12. Bd4 e5 13. Bc5 Be6 14. Ne4 Re8 15. g4 h6 16. h4 Nf4 17. Qxd8 Rexd8 18. Rxd8+ Rxd8 19. a3 f5 20. gxf5 gxf5 21. Be7 Re8 22. Nf6+ Bxf6 23. Bxf6 Bd5 24. h5 Kf7 25. Bh4 Bxf3 26. Bc4+ Bd5 27. Bxd5+ cxd5 28. Bf2 d4 29. Kd2 Rg8 30. c3 Rg2 31. Rf1 Nh3 32. Ke1 Nxf2 33. Rxf2 Rxf2 34. Kxf2 dxc3 35. bxc3 Ke6 36. Ke3 Kd5 37. Kd3 e4+ 38. Ke3 Ke5 39. a4 a5 40. c4 f4+ 41. Ke2 Kd4 0-1